000 00801nam a2200265Ia 4500
008 160319s9999 xx 000 0 und d
020 _a971-513-187-5
050 _aFIL RT 89
050 _b.A87 2005 c.2
100 _aAsperas, Carlito M.
245 _aLeadership and management in nursing :
245 _ba text - workbook /
245 _cCarlito M. Asperas.
260 _aManila :
260 _bEducational Pub. House,
260 _c2005
300 _a146 pages :
300 _billustrations ;
300 _c27 cm.
500 _aIncludes bibliographical references.
650 _aNursing services -- Administration.
650 _aNursing services -- Study and teaching.
650 _xNursing services -- Aids and devices.
650 _xNursing services -- Study and teaching.
999 _c291584
_d291584